00482nam a22001577a 450000500170000000800410001702000150005804100130007308200150008610000320010124500650013325000190019826000470021730000340026465000260029820231115135608.0231115b |||||||| |||| 00| 0 eng d a0702165484 aEnglish  a344.1 ESS  aDupper, O et al. lEnglish  aEssential Employment Discrimination Law / cO Dupper et al.  aFirst Edition  aCape Town : bJuta and Company Ltd, c2004 bxxiv, 335 pages ; c25,5 cm.  aLegal practice bLaw